| 000 | 00940nam a2200301Ia 4500 | ||
|---|---|---|---|
| 001 | Z_4976 | ||
| 003 | CHAP | ||
| 008 | 220113s2=00 xx 000 0 und d | ||
| 010 | _a168031 | ||
| 020 | _a968-24-6494-3 | ||
| 040 | _cCHAP | ||
| 082 | _a630.20121 R43 | ||
| 100 |
_aRebolledo Robles, Héctor Hugo _994964 |
||
| 245 |
_aManual SAS por computadora : análisis estadísticos de datos experimentales / _cHéctor Hugo Rebolledo Robles |
||
| 260 |
_aMéxico : _bTrillas, _c2002 |
||
| 300 | _a208 p. | ||
| 503 | _aej.1: C/E \ ej.2: C/E \ ej.3: C/E \ ej.4: C/E \ ej.5: s/n \ ej.6: s/n \ ej.7: s/n \ ej.8: s/n \ ej.9: s/n | ||
| 504 | _aBibliografía: p.195 | ||
| 650 |
_aAgricultura _xMétódos estadísticos _91745 |
||
| 650 |
_aProcesamientos electrónico de datos _xAgricultura _9142288 |
||
| 650 |
_aSAS _9142289 |
||
| 901 | _a630.20121 R43 | ||
| 902 | _aM | ||
| 910 | _a2=00 | ||
| 942 | _c1 | ||
| 942 | _cc1 | ||
| 999 |
_c168031 _d168031 |
||